| 000 | 01035nas a2200265 4500 | ||
|---|---|---|---|
| 001 | BR8102997 | ||
| 003 | BR-BrBNA | ||
| 005 | 20231205084738.0 | ||
| 007 | ta | ||
| 008 | 230509b bl.|||p| |||| 00| 00por d | ||
| 040 |
_aBR-BrBNA _bpor _cBiblioteca Nacional de Agricultura |
||
| 041 | _a(Pt) | ||
| 072 | _aF00; N20 | ||
| 110 | 1 |
_aCooperativa Central dos Produtores de Acucar e Alcool do Estado de Sao Paulo, Sao Paulo (Brasil) _92827 |
|
| 245 | 1 | _aPlantio da cana-de-acucar com torta de filtro na Usina Santo Antonio AB [Fertilizante; Maquina agricola; Saccharum spp; Brasil] | |
| 246 | 1 | _aSugarcane planting with filter cake in Santo Antonio Mill [Fertilizer; Machinery farm; saccharum spp; Brazil] | |
| 650 | _aProducao vegetal | ||
| 650 | _aCana de acucar | ||
| 650 | _aEquipamento rural | ||
| 650 | _aMaquina agricola | ||
| 650 | _aPlantio | ||
| 773 | 0 |
_tBoletim Tecnico COPERSUCAR (Brazil) _xISSN 0100-2996 _g(Sep 1980), (no. 13) p. 8-11 _wBR8102997 |
|
| 909 |
_a202311 _bLúcia _c55 _dLúcia Elande |
||
| 942 |
_2AGRIS _n0 _cANA |
||
| 999 |
_c107018 _d107018 |
||